000 00433nam a22001217a 4500
082 _a200 THE
100 _aZahra Noor
_969927
245 _aTH-SOF-1339-Automatic Human Face Texture Analysis for Age and gender Recognition
260 _aIslamabad
_bNUST College of EME
_c2016
650 _a MS-COMPUTER ENGINEERING-81 MSTHESIS
700 _a Supervisor Dr. Muhammad Usman Akram Co-supervisor Dr. Mahmood Akhtar
_969829
942 _cCF
999 _c577005
_d577005